The noble scholar, jurist, historian


 His Excellency Dr. Abdul Wahhab bin Ibrahim Abu Sulaiman, may Allah have mercy on him.


 He was born in Umm Al-Qura in the year 1356 AH.

الوهابية بين الشرك وتصدع القبيلة / (Record no. 12103)

MARC details
000 -LEADER
fixed length control field 02079cam a2200337 i 4500
003 - CONTROL NUMBER IDENTIFIER
control field SA-RiAUC
005 - DATE AND TIME OF LATEST TRANSACTION
control field 20250925083135.0
008 - FIXED-LENGTH DATA ELEMENTS--GENERAL INFORMATION
fixed length control field 250920s2013____le g b 00000 ara c
020 ## - INTERNATIONAL STANDARD BOOK NUMBER
International Standard Book Number 9786144310373
024 0# - OTHER STANDARD IDENTIFIER
Standard number or code 00000000633607
040 ## - CATALOGING SOURCE
Original cataloging agency SA-RiKAPL
Language of cataloging ara
Transcribing agency SA-RiAUC
Modifying agency AE-DuMBRL
Description conventions rda
043 ## - GEOGRAPHIC AREA CODE
Geographic area code a-su---
050 #4 - LIBRARY OF CONGRESS CALL NUMBER
Item number D35 2013
082 04 - DEWEY DECIMAL CLASSIFICATION NUMBER
Classification number 217.2
Assigning agency SA-RiAUC
090 ## - LOCALLY ASSIGNED LC-TYPE CALL NUMBER (OCLC); LOCAL CALL NUMBER (RLIN)
Classification number (OCLC) (R) ; Classification number, CALL (RLIN) (NR) 217.2 د خ ي
Local cutter number (OCLC) ; Book number/undivided call number, CALL (RLIN) د خ ي
100 1# - MAIN ENTRY--PERSONAL NAME
Personal name الدخيل، خالد
Relator term مؤلف.
245 12 - TITLE STATEMENT
Title الوهابية بين الشرك وتصدع القبيلة /
Statement of responsibility, etc. خالد الدخيل.
250 ## - EDITION STATEMENT
Edition statement الطبعة الأولى.
264 #1 - PRODUCTION, PUBLICATION, DISTRIBUTION, MANUFACTURE, AND COPYRIGHT NOTICE
Place of production, publication, distribution, manufacture بيروت :
Name of producer, publisher, distributor, manufacturer الشبكة العربية للأبحاث والنشر،
Date of production, publication, distribution, manufacture, or copyright notice 2013.
300 ## - PHYSICAL DESCRIPTION
Extent 558 صفحة ؛
Dimensions 24 ×17 سم
336 ## - CONTENT TYPE
Content type term نص
Content type code txt
Source rdacontent
Materials specified كتاب
337 ## - MEDIA TYPE
Media type term بدون وسيط
Media type code n
Source rdamedia
338 ## - CARRIER TYPE
Carrier type term مجلد
Carrier type code nc
Source rdacarrier
504 ## - BIBLIOGRAPHY, ETC. NOTE
Bibliography, etc. note ببليوجرافية : صفحة 547-558.
520 ## - SUMMARY, ETC.
Summary, etc. تناول الكتاب حيث سعى د. خالد الدخيل في هذا الكتاب - وهو في الأصل أطروحة دكتوراه - إلى تقديم رؤية مختلفة وجديرة بالإهتمام. وقد أكد أن الظروف الاجتماعية ساهمت في تعزيز دعوة الشيخ محمد بن عبد الوهاب لنشوء الحركة الوهابية. فالقرى والبلدات النجدية في السابق كانت تقوم على أساس قبلي؛ أما اليوم، تفكك النظام القبلي وتشتت أعضاء القبيلة الواحدة وتوزعوا على مدن وقرى مختلفة، فحلت بالتالي سلطة الدولة محل سلطة القبيلة، وتماهى الدين مع السياسة، وبرزت الدعوة إلى التخلص من الشرك واعتماد التوحيد.
650 #7 - SUBJECT ADDED ENTRY--TOPICAL TERM
Topical term or geographic name entry element الوهابية
Source of heading or term aucsh
651 #7 - SUBJECT ADDED ENTRY--GEOGRAPHIC NAME
Geographic name السعودية
General subdivision تاريخ
Source of heading or term aucsh
651 #7 - SUBJECT ADDED ENTRY--GEOGRAPHIC NAME
Geographic name السعودية
General subdivision أحوال اجتماعية
Source of heading or term aucsh
942 ## - ADDED ENTRY ELEMENTS (KOHA)
Source of classification or shelving scheme Dewey Decimal Classification
Koha item type Books
Suppress in OPAC No
949 ## - LOCAL PROCESSING INFORMATION (OCLC)
a SA-JeALM
d 250920
u mohamedma123
n 1
Holdings
Withdrawn status Lost status Source of classification or shelving scheme Damaged status Not for loan Home library Current library Date acquired Total checkouts Full call number Barcode Date last seen Price effective from Koha item type
    Dewey Decimal Classification     DR AbdElwahab Library DR AbdElwahab Library 09/25/2025   217.2 د خ ي 000019474 09/25/2025 09/25/2025 Books